000 00282nam a22001337a 4500
008 171005b xxu||||| |||| 00| 0 eng d
020 _a2901429200829
041 _aeng
080 _a159.9
100 _a49
101 _aPSI
245 _aPSYCHOLOGY
_cGRIGGS.R.A
942 _2udc
_cBK
999 _c31992
_d31992